| 000 | 00521nam a2200157Ia 4500 | ||
|---|---|---|---|
| 008 | 210716s2018 xx 000 0 und d | ||
| 020 | _a9789352137145 | ||
| 041 | _aeng | ||
| 082 | _a005.76812 SLER | ||
| 100 | _aSleeper, Ryan. | ||
| 245 |
_aPractical tableau: 100 tips tutorials and strategies from a tableau zen master. _b100 tips tutorials and strategies from a tableau zen master. |
||
| 250 | _a1 | ||
| 260 |
_aNew Delhi _bShroff Publishers and Distributors Pvt Ltd _c2018 |
||
| 300 | _axxi, 599 | ||
| 650 | _aNone | ||
| 999 |
_c196966 _d196966 |
||